Workbook: meeting the collaboration challenge, developing strategic alliances between nonprofit organizations and business
Salvato in:
| Ente Autore: | |
|---|---|
| Natura: | Libro |
| Lingua: | inglese |
| Pubblicazione: |
San Francisco
Jossey-Bass
2002
|
| Soggetti: | |
| Tags: |
Aggiungi Tag
Nessun Tag, puoi essere il primo ad aggiungerne!!
|
MARC
| LEADER | 00000nam a2200000 a 4500 | ||
|---|---|---|---|
| 001 | UCL4847 | ||
| 003 | CL-VaPUC | ||
| 008 | 040227e20020000US |||||||||||||||||eng|d | ||
| 020 | |a 0787962317 | ||
| 082 | 0 | 4 | |a 658.047 |b DRU |2 21 |
| 110 | 2 | |a The Drucker Foundation |e author |9 482522 | |
| 245 | 1 | 0 | |a Workbook: meeting the collaboration challenge, developing strategic alliances between nonprofit organizations and business |
| 300 | |a 68 p | ||
| 942 | |c BK | ||
| 945 | |d 20040227 00:00:00 |a cmena | ||
| 260 | |a San Francisco |b Jossey-Bass |c 2002 | ||
| 500 | |a Complementario con Video | ||
| 650 | 7 | |a COOPERATIVISMO |2 CL-VaPUC |9 311346 | |
| 650 | 0 | |a Planificación estratégica |9 259735 | |
| 650 | 0 | |a Empresas |9 255569 | |
| 650 | 0 | |a COOPERACION ECONOMICA |9 307939 | |
| 583 | |a last modification |c 20040227 00:00:00 |k Rodrigo Vera | ||
| 999 | |c 307604 |d 307602 | ||
| 952 | |0 0 |1 0 |4 0 |6 658_047000000000000_DRU_2002 |7 0 |8 A |9 373643 |a BIBING |b BIBING |d 2019-11-21 |i 3984621 |o 658.047 DRU 2002 |p 3984621 |r 2025-01-20 |w 2019-11-21 |y BK |k EII | ||